Kuunnelluimmat suomenkieliset kappaleet 2023 - Statistics

Yleistilastot
  • Tätä visaa on pelattu 124 kertaa
  • Keskiarvotulos 3 / 10
Vastaustilastot
Sijoitus Kappale % Oikein
1. Käärijä: Cha Cha Cha
91%
2. Kuumaa: Ylivoimainen
41%
6. Kuumaa: Tulipalo
33%
5. Ibe: Blondina
32%
3. Costi: Maailman ympäri
23%
10. Behm, Olavi Uusivirta: Viimeinen tanssi
15%
8. Gettomasa, Van Hegen: Shamppanjadieetillä
14%
9. Gettomasa: Jälkeekään
12%
4. Shrty, Joalin: Pariisin kevät
10%
7. Gettomasa: Meit ei oo
9%
Ehtoja vastaavia visoja ei löytynyt
Tulosjakauma
Jokaisen tuloksen saaneiden osuus
Persentiili vastausten määrän mukaan
Tuloshistoriasi
Et ole pelannut tätä visaa